| 000 | 01189cam a2200313 a 4500 | ||
|---|---|---|---|
| 001 | 1653592 | ||
| 003 | ARRUPE | ||
| 005 | 20150121172316.0 | ||
| 008 | 970613s1997 nyua b 001 0 eng | ||
| 010 | _a 97026044 | ||
| 020 | _a0940322064 (pbk. : acidfree paper) | ||
| 040 |
_aDLC _cDLC _dDLC |
||
| 050 | 0 | 0 |
_aB808.9 _b.S43 1997 |
| 082 | 0 | 0 |
_a128/.2 _221 |
| 100 | 1 |
_aSearle, John R. _914545 |
|
| 245 | 1 | 4 |
_aThe mystery of consciousness / _cJohn R. Searle, and exchanges with Daniel C. Dennett and David J. Chalmers. |
| 250 | _a1st ed. | ||
| 260 |
_aNew York : _bNew York Review of Books, _cc1997. |
||
| 300 |
_axvi, 224 p. : _bill. ; _c19 cm. |
||
| 504 | _aIncludes bibliographical references and indexes. | ||
| 650 | 0 |
_aConsciousness. _914546 |
|
| 650 | 0 |
_aMind and body. _914387 |
|
| 700 | 1 |
_aDennett, D. C. _q(Daniel Clement) _914547 |
|
| 700 | 1 |
_aChalmers, David John, _d1966- _914548 |
|
| 856 | 4 | 2 |
_3Publisher description _uhttp://www.loc.gov/catdir/enhancements/fy0645/97026044-d.html |
| 906 |
_a7 _bcbc _corignew _d1 _eocip _f19 _gy-gencatlg |
||
| 942 |
_2lcc _cMONOGRAPH |
||
| 999 |
_c121870 _d121870 |
||